MDQL
is popping MORE tags! Check the
thread
!
Quizzes
Events
Quiz Creation
Community
Videos
Private Events
Remove Ads
Sign In
Join for FREE
Feedback
Dark Mode
Quiz Categories
Sports
Geography
Music
Movies
Television
Just For Fun
Miscellaneous
History
Literature
Language
Science
Gaming
Entertainment
Religion
Holiday
For Kids
Quiz Lab
Recent
Popular Today
Quiz Kudos Today
Editor Picks
Curator Picks
Quizzes by...
Day
Popularity
Type
Ratings
Length
Year
Community
Subscriptions
Recent Discussions
Orange Saloon
Badges
Playlists
Quests
Create
Leaderboards
Showdown
Live 5
Trivia Bingo
Activity
Puzzle Library
Sporcle Events
Private Events
Virtual Trivia
Globe League
Become a Host
Pub Owners
SporcleCon
Opinionation
Our Games
Videos
Blog
Mobile Apps
Partnerships
Remove Ads and Go Orange
Feedback
Sports
Athletes
MLB
NBA
NHL
NFL
Soccer
Sports Teams
WWE
NCAA
Football
Premier League
Basketball
Baseball
Hockey
Golf
Tennis
Cricket
Rugby
Auto Racing
Olympics
World Cup
Sports
Athletes
MLB
NBA
NHL
NFL
Soccer
Sports Teams
WWE
NCAA
Football
Premier League
Basketball
Baseball
Hockey
Golf
Tennis
Cricket
Rugby
Auto Racing
Olympics
World Cup
Random Quiz
Search Sporcle
×
Quiz Lab
Quiz Lab
Sports
NFL
Type in answers that appear in a list
Type in answers that appear in a list
Classic
Best Score? Go Orange.
NFL 1990s All Decade Team Stats
Can you name the members of the NFL 1990s All Decade Team?
By
MichaelWilson
10m
53 Questions
1,600 Plays
1,600 Plays
1,600 Plays
Comments
Comments
Give Quiz Kudos
Give Quiz Kudos
-
- Ratings
hide this ad
Replay
Link that replays current quiz
Next Quiz
Link to next quiz in quiz playlist
You Got
0%
They Got
Avg Score
56%
Avg Friend Score
Upgrade to see
Score Distribution
Jump to the score distribution portion of the page
Score
0/53
Timer
10:00
1
Play Today
Position
Player
% Correct
RB
Emmitt Smith
97.2%
QB
Brett Favre
96.9%
RB
Barry Sanders
96.8%
QB
John Elway
96.4%
DE
Bruce Smith
96.1%
WR
Jerry Rice
95.8%
DE
Neil Smith
95.8%
CB
Deion Sanders
95.8%
PR
Deion Sanders
95.8%
WR
Michael Irvin
88.6%
RB
Thurman Thomas
88.2%
RB
Terrell Davis
87.6%
LB
Derrick Thomas
87.6%
WR
Chris Carter
87.6%
TE
Shannon Sharpe
83.5%
WR
Tim Brown
80.4%
DE
Reggie White
78.7%
DT
Warren Sapp
69%
CB
Rod Woodson
66.4%
CB
Darrell Green
66.4%
Coach
Bill Parcells
66.3%
LB
Junior Seau
63.4%
K
Morten Anderson
61.6%
K
Gary Anderson
61.5%
CB
Aeneas Williams
55.2%
S
Ronnie Lott
55.2%
DT
John Randle
54.7%
Position
Player
% Correct
Coach
Marv Levy
53.5%
G
Larry Allen
53.3%
LB
Kevin Greene
52.7%
G
Bruce Matthews
52.2%
T
Tony Boselli
47.4%
TE
Ben Coates
47.3%
S
Steve Atwater
44.9%
DT
Cortez Kennedy
40.7%
DT
Bryant Young
39.9%
T
Willie Roaf
39.8%
C
Dermontti Dawson
36.2%
G
Randall McDaniel
35.1%
P
Darren Bennett
28.6%
LB
Cornelius Bennett
28.5%
DE
Chris Doleman
27.8%
S
LeRoy Butler
27.1%
T
Gary Zimmerman
26.3%
P
Sean Landeta
22.8%
LB
Hardy Nickerson
20.2%
S
Carnell Lake
20.2%
C
Mark Stepnoski
19.4%
PR/
KR
Mel Gray
18.3%
LB
Levon Kirkland
17.5%
T
Richmond Webb
16.4%
G
Steve Wisniewski
12.9%
KR
Michael Bates
6.7%
Quiz Playlist
Details
Report
Send in Message
Add To Playlist
Classic:
Type in answers that appear in a list
Quiz Source
Last Updated: Feb 16, 2017
Quiz Scoreboard
CHALLENGE
Sign Up to Join the Scoreboard
Show All
Scores
Hide
Comments
May contain spoilers
Recently Published
Colored Red Africa Blitz
by spor1
Geography
30s
Find the 'City' Movie
by crazypaving
Movies
60s
5x2 Blitz: Bands
by SL_Kpop136
Music
30s
More to Explore
Quiz From the Vault
Featured Blog Post
14 Easter Pick-up Lines to Find Eggs With
hide this ad
You Might Also Like...
Tags
Decade Quiz
Football Quiz
NFL Quiz
1990
Player
team
Today's Top Quizzes in Sports
Browse Sports
hide this ad
Today's Top Quizzes in NFL
Browse NFL
Top Contributed Quizzes in Sports
1
Players with Multiple 50 Home Run Seasons
2
Les entraîneurs de l'OM et du PSG au 21e siècle
3
Criteria MLB: Left Handed Sluggers
4
2022 World Cup Stars
5
Les meilleurs buteurs des matchs entre le PSG et l’OM
6
Who Hit More Homers?
7
Les joueurs passés par le PSG et l'OM
8
NBA Logic Puzzle 2.0
9
Top 10 NHL Goal Scorers of All Time
10
MLB Players with Two .350 Batting Average Seasons
Explore More
Trending Topics
Harry Potter
NBA
Anime
Kpop
Disney
Marvel
Crossword
NFL
Pokémon
Puzzle
Soccer
The Office
Song
WWE
Country
hide this ad
More By:
MichaelWilson
Quiz
Plays
Rating
Category
Featured
Created
Five D's of Dodgeball
224,104
4.04
Movies
Oct 1, 2009
The Clash Albums
6,672
4.69
Music
Sep 30, 2009
Piccadilly Line Stations
2,653
5.00
Entertainment
Oct 20, 2009
NFL 1990s All Decade Team
1,600
4.20
Sports
Sep 29, 2009
Rocky
1,306
3.25
Movies
Sep 28, 2009
Go to Creator's Profile
Score Distribution
Quiz Creator Spotlight
MichaelWilson
Follow
Send a Message
Quizzes Created
-
Created Quiz Play Count
-
More By This Creator
Popular Quizzes Today
1
Find the 'City' Movie
2
Colored Red Africa Blitz
3
Find the US States - No Outlines Minefield
4
5x2 Blitz: Bands
5
The Countries of the World
6
Find the US States
7
US States
8
9x9 Crossword: Cartoon Network
More Sports Quizzes
Bukayo Saka's Winning XI's vs Aston Villa
Quiz Lab
Trending Quizzes
Colored Red Europe Blitz I
Colored Red Africa Blitz II
Colored Red Europe Blitz II
Colored Red Africa Blitz III
Colored Red Europe Blitz III
Recently Updated
2024 March Madness Bracket
pecheneg
Famous TV Couples
Peacemaker
Champions League XIs: Real Madrid
pecheneg
Largest US Cities 1790-2010
pecheneg
Rides in Walt Disney World
pecheneg
Most Oscar Losses (Acting)
pecheneg
Beyoncé Albums
pecheneg
Leaping Animals
pecheneg
Reality TV Shows (A-Z)
bhenderson79
Rickey Henderson's Hall of Fame Teammates
pecheneg
Trending Topics
Crossword
Harry Potter
Disney
NBA
Anime
Marvel
Kpop
WWE
The Office
Puzzle
NFL
Country
Song
Soccer
Pokémon
Your Account Isn't Verified!
In order to create a playlist on Sporcle, you need to verify the email address you used during registration. Go to your
Sporcle Settings
to finish the process.
Report this User
Report this user for behavior that violates our
Community Guidelines
.
Details:
Send Report
Go to the Sporcle.com Mobile Site →
Comments